000 00467nam a2200169 a 4500
005 20140412111242.0
008 010904s19uu xx 00 eng d
020 _a1-85758-366-3
050 _aTR(GS 372.7
_bR685 1996
100 _aRodda, George
245 _aBack to basics, bk. 2 :
_cGeorge Rodda.
_bmaths, for 8-9 year olds /
260 _aLondon :
_bLetts Educational,
_c1998.
300 _a32 p.
440 _aLetts
650 _aMathematics
999 _c102794
_d102794